000 00535nam a2200169 i 4500
001 83655
003 ES-MaACL
005 20230906174854.0
007 t|
008 041117s1965 sp ||||1| spa d
245 0 0 _aInvestigación operativa y determinación de precios /
_cpor Alfred Oxenfeldt... [et al.] ; traducido por Tiburcio Alonso.
260 _aBilbao :
_bDeusto,
_c[1965]
300 _a168 p. ;
_c22 cm.
700 1 _aOxenfeldt, Alfred.
_988040
700 1 _aAlonso, Tiburcio.
_920249
852 _aES-MaACL
_jC-28266
_bR.56901
999 _c83655
_d83655